Normal view
MARC view
Entry Personal Name
001 - CONTROL NUMBER
- control field: 2288
003 - CONTROL NUMBER IDENTIFIER
- control field: ARRUPE
005 - DATE AND TIME OF LATEST TRANSACTION
- control field: 20131008172905.0
008 - FIXED-LENGTH DATA ELEMENTS
- fixed length control field: 131008|| aca||aabn | a|a d
040 ## - CATALOGING SOURCE
- Original cataloging agency: ARRUPE
- Transcribing agency: ARRUPE
100 ## - HEADING--PERSONAL NAME
- Personal name: Nissenbaum, Helen Fay.
670 ## - SOURCE DATA FOUND
- Source citation: Work cat.: (ARRUPE)0: Nissenbaum, Helen Fay., Privacy in context :, c2010.